Losowe loga - Statystyki

Ogólne statystyki
  • Ten quiz został rozwiązany 60 razy
  • Średni wynik to 12 z 20
Statystyki odpowiedzi
Obrazkowy Odpowiedź % Poprawnych
Air Jordan
100%
Amazon
100%
Android
100%
Apple
100%
Audi
100%
Barbie
100%
BP
100%
Burger King
100%
Cheetos
100%
Chrome
100%
Dell
100%
Disney
100%
Doritos
100%
Dove
100%
Excel
100%
Facebook
100%
Fila
100%
Firefox
100%
Gmail
100%
Google
100%
Gucci
100%
Heineken
100%
Instagram
100%
KFC
100%
Lacoste
100%
Lays
100%
Lego
100%
LG
100%
Lipton
100%
Marvel Comics
100%
McDonald's
100%
Microsoft
100%
Monster
100%
Motorola
100%
Mountain Dew
100%
National Geographic
100%
Netflix
100%
Nike
100%
Pampers
100%
Pepsi
100%
Pizza Hut
100%
Pringles
100%
Puma
100%
Red Bull
100%
Rolex
100%
Safari
100%
SEAT
100%
Shell
100%
Skoda Auto
100%
Skype
100%
Snapchat
100%
Snickers
100%
Sprite
100%
Starbucks
100%
Taco Bell
100%
Tesla
100%
Toyota
100%
Umbro
100%
Under Armour
100%
Visa
100%
Wikipedia
100%
Xbox
100%
Yahoo
100%
YouTube
100%
JetPunk
88%
Reddit
88%
Mastercard
86%
Michelin
86%
Monopoly
83%
Nestlé
83%
Nintendo
83%
PayPal
83%
T-Mobile
83%
Coca-Cola
80%
Domino's
80%
Dreamworks
80%
IKEA
80%
Knorr
80%
Louis Vuitton
80%
Gerber
78%
Twitter
78%
Ford
75%
PlayStation
75%
Samsung
75%
Spotify
75%
BBC
71%
Subway
71%
Acer
67%
Chanel
67%
FedEx
67%
Hulu
67%
UPS
67%
Warner Brothers
67%
eBay
60%
ING
60%
Levi Strauss
60%
Ray-Ban
60%
Wendy's
60%
Bic
57%
Tiffany
57%
WalMart
57%
Atari
50%
Cartoon Network
50%
Costco
50%
Gazprom
50%
Internet Explorer
50%
iTunes
50%
Jif
50%
Nerf
50%
Soundcloud
50%
Virgin
50%
Costa Coffee
43%
Lufthansa
43%
Nickelodeon
43%
Intel
40%
Kellogg's
40%
Bacardi
38%
Hershey's
38%
Adobe
33%
Best Buy
33%
Blu-ray
33%
Converse
33%
CVS
33%
Firestone
33%
Fruit of the Loom
33%
Harley-Davidson
33%
IBM
33%
Kodak
33%
Mr. Clean
33%
Reese's
33%
The North Face
33%
Wilson
33%
Beats by Dre
25%
Cheerios
25%
Nascar
25%
Wells Fargo
25%
Gatorade
20%
Target
20%
Timberland
20%
Vodafone
20%
Swarovski
17%
CBS
14%
Adidas
0%
American Airlines
0%
American Express
0%
Amtrak
0%
AOL
0%
AOL Messenger
0%
Aquafina
0%
Arby's
0%
Arm & Hammer
0%
AT&T
0%
Barclays
0%
Baskin-Robbins
0%
Big Boy
0%
Blockbuster
0%
Chevron
0%
Chick-fil-A
0%
Chiquita
0%
Dolby
0%
Dole
0%
Dunkin' Donuts
0%
Exxon
0%
Garmin
0%
Goodyear
0%
Guinness
0%
Hertz
0%
Hoover
0%
John Deere
0%
Klondike
0%
Kraft
0%
L'Oreal
0%
Lululemon
0%
Mattel
0%
Morton
0%
NBC
0%
New Balance
0%
New York Times
0%
Playboy
0%
Qantas
0%
Quaker Oats
0%
Sprint
0%
Starter
0%
Tide
0%
Tivo
0%
Tostitos
0%
Unilever
0%
Verizon
0%
Xerox
0%
Yamaha
0%
Nie znaleziono quizów pasujących do podanych kryteriów
Rozkład punktacji
Procent ludzi z każdym wynikiem
Percentyl według liczby udzielonych odpowiedzi
Twoja historia wyników
Nie rozwiązałeś tego quizu